| 000 | 01382nam a2200289Ia 4500 | ||
|---|---|---|---|
| 999 |
_c3391 _d3391 |
||
| 003 | OSt | ||
| 005 | 20200306173256.0 | ||
| 008 | 191128s1996 ck fr 000 0 spa d | ||
| 020 | _a9589581013 | ||
| 040 |
_aCO-JMCR _cCO-JMCR |
||
| 041 | 0 | _aspa | |
| 082 | 0 | 4 |
_a150.8 _2C355p |
| 100 | 1 |
_aCastro, María Clemencia, _eautora _91285 |
|
| 245 | 1 | 3 |
_aLa psicología, los procesos comunitarios y la interdisciplinariedad / _cMaría Clemencia Castro |
| 250 | _aSegunda edición | ||
| 260 |
_aBogotá : _bAlmudena Editores, _c1996 |
||
| 300 |
_a[73] páginas ; _c21 cm. |
||
| 500 | _aIncluye datos de la autora en la solapa. | ||
| 500 | _aIncluye notas a pie de página. | ||
| 504 | _aBibliografía: páginas [71-73] | ||
| 505 | 0 | _aUbicación del interés de los psicólogos en el trabajo comunitario -- Caracterización de la vinculación de los psicólogos a los trabajos comunitarios -- Psicología y procesos comunitarios: elementos para una propuestas alternativa -- Contribuciones a la comprensión de los procesos comunitarios: abordajes en el trabajo comunitario -- La interdisciplinariedad -- Concreción de una propuesta para el psicólogo en los procesos comunitarios | |
| 650 | 1 | 4 |
_aPsicología social _91189 |
| 650 | 1 | 4 |
_aOrganización de la comunidad _91286 |
| 650 | 1 | 4 |
_aDesarrollo comunitario _91287 |
| 650 | 1 | 4 |
_aParticipación social _91288 |
| 942 |
_2ddc _cBK |
||